|
|
|
|
| LEADER |
00000nam0a2200000 4500 |
| 001 |
343683 |
| 005 |
20231102005602.0 |
| 010 |
|
|
|a 9785904757808
|
| 035 |
|
|
|a (RuTPU)RU\TPU\book\374108
|
| 090 |
|
|
|a 343683
|
| 100 |
|
|
|a 20191014d2016 km y0rusy50 ca
|
| 101 |
1 |
|
|a rus
|c eng
|
| 102 |
|
|
|a RU
|
| 105 |
|
|
|a a z 001zy
|
| 200 |
1 |
|
|a Химия и технологии в парфюмерно-косметической индустрии
|e пер. с англ.
|f пер. под ред. Т. В. Пучковой
|
| 210 |
|
|
|a Санкт-Петербург
|c Профессия
|d 2016
|
| 215 |
|
|
|a 660 с.
|c ил.
|
| 320 |
|
|
|a Библиография в конце глав
|
| 320 |
|
|
|a Предметный указатель: с. 655-659
|
| 330 |
|
|
|a Данная книга охватывает практически все аспекты химических технологий, применяемых в производстве косметических и парфюмерных продуктов. Большое внимание уделяется правовому регулированию применения химических соединений в разных странах, безопасности косметики для здоровья потребителей, а также технологиям получения отдельных ингредиентов. Материалы книги основаны на данных всемирно известного справочника «Kirk-Othmer Encyclopedia of Chemical Technology*. Поскольку отдельные главы подготовлены специалистами из разных стран, текст снабжен комментариями об особенностях номенклатуры, производства и использования российских косметических и парфюмерных изделий. Весь материал книги скомпонован в четыре больших раздела (части). Первые шесть глав, образующие часть "Продукты", посвящены группам косметических продуктов и структуре производства отдельных их видов. Вторая часть ("Ингредиенты") особенно ценна для специалистов, работающих с парфюмерией, ароматизаторами, эфирными маслами, так как здесь достаточно подробно изложены химические аспекты отдельных натуральных и синтетических душистых веществ. Эти материалы будут также интересны специалистам в области пищевой промышленности, работающим с пищевыми ароматизаторами и красителями. Третья часть ("Коллоидные системы") интересна не только разработчикам парфюмерии и косметики. В главах этой части подробно рассмотрены в прикладном аспекте химические основы основных коллоидных систем, причем на примерах из самых разных отра лей — от нефтехимии до пищевой, фармацевтической и косметической. Небольшая по объему четвертая часть ("Нормативно-правовые аспекты") посвящена регламентированию процессов упаковки и производства косметических и фармакологических продуктов.
|
| 606 |
1 |
|
|a Парфюмерно-косметическое производство
|2 stltpush
|3 (RuTPU)RU\TPU\subj\33704
|9 55862
|
| 610 |
1 |
|
|a косметические продукты
|
| 610 |
1 |
|
|a мыло
|
| 610 |
1 |
|
|a средства для волос
|
| 610 |
1 |
|
|a парфюмерные композиции
|
| 610 |
1 |
|
|a ингредиенты
|
| 610 |
1 |
|
|a химические соединения
|
| 610 |
1 |
|
|a терпеноиды
|
| 610 |
1 |
|
|a эфирные масла
|
| 610 |
1 |
|
|a цитрусовые масла
|
| 610 |
1 |
|
|a липиды
|
| 610 |
1 |
|
|a кокосовое масло
|
| 610 |
1 |
|
|a жирные кислоты
|
| 610 |
1 |
|
|a космецевтические препараты
|
| 610 |
1 |
|
|a морепродукты
|
| 610 |
1 |
|
|a красящие вещества
|
| 610 |
1 |
|
|a лекарственные препараты
|
| 610 |
1 |
|
|a коллоидные системы
|
| 610 |
1 |
|
|a эмульсии
|
| 610 |
1 |
|
|a микроэмульсии
|
| 610 |
1 |
|
|a гидрогели
|
| 610 |
1 |
|
|a пены
|
| 610 |
1 |
|
|a аэрозоли
|
| 610 |
1 |
|
|a поверхностно-активные вещества
|
| 610 |
1 |
|
|a упаковка
|
| 610 |
1 |
|
|a регламентиронание
|
| 675 |
|
|
|a 665.5
|v 4
|
| 702 |
|
1 |
|a Пучкова
|b Т. В.
|4 730
|4 340
|
| 801 |
|
1 |
|a RU
|b 63413507
|c 20191014
|
| 801 |
|
2 |
|a RU
|b 63413507
|c 20191114
|g RCR
|
| 942 |
|
|
|c BK
|
| 959 |
|
|
|a 17/20191014
|d 1
|e 3500,00
|f ЧЗТЛ:1
|